| 000 | 00728nam a2200241 a 4500 | ||
|---|---|---|---|
| 001 | BRCA_3625 | ||
| 005 | 20190320204347.0 | ||
| 008 | 250809s1956----enka---###---#000-0#eng-# | ||
| 041 | _aeng | ||
| 044 | _aenk | ||
| 050 | 4 |
_aND623.L6 _b.B47 1956 |
|
| 100 | 1 |
_aBerenson, Bernard _d1865-1959 _99403 |
|
| 245 | 1 | 0 |
_aLorenzo Lotto _bComplete edition with 400 illustrations _cBernard Berenson. |
| 260 |
_aLondon _bPhaidon _c1956 |
||
| 300 |
_a477 p. _bil., 400 láminas (algunas a color) _c27 cm. |
||
| 500 | _aCon ex-libris de Arthur Jeffress | ||
| 500 | _aIncluye índice topográfico | ||
| 500 | _aB297 | ||
| 600 | 1 | 4 |
_aLotto, Lorenzo _d1480?-1556 _99404 |
| 650 | 1 | 4 |
_aPintores italianos _97654 |
| 902 | _aGFM | ||
| 942 |
_2lcc _cB |
||
| 999 |
_c3360 _d3360 |
||